LIBRARY & INFORMATION CENTRE, KCAET, TAVANUR

ONLINE PUBLIC ACCESS CATALOGUE (OPAC)

Kadathukaranum Ambalpookkalum / (Record no. 4408)

MARC details
000 -LEADER
fixed length control field 00358cam a2200145ua 4500
041 ## - LANGUAGE CODE
Language code of text/sound track or separate title mal
082 ## - DEWEY DECIMAL CLASSIFICATION NUMBER
Classification number 894.8123
Item number JOH/KA
100 ## - MAIN ENTRY--AUTHOR NAME
Personal name John, T V .
245 ## - TITLE STATEMENT
Title Kadathukaranum Ambalpookkalum /
260 ## - PUBLICATION, DISTRIBUTION, ETC. (IMPRINT)
Place of publication Quilon :
Name of publisher C M John, Kodukulanji ,
Year of publication 1957.
300 ## - PHYSICAL DESCRIPTION
Number of Pages 114.
942 ## - ADDED ENTRY ELEMENTS (KOHA)
Koha item type Books
Holdings
Withdrawn status Lost status Damaged status Home library Current library Date acquired Cost, normal purchase price Full call number Accession Number Koha item type
Withdrawn     KAUAET KAUAET 07/04/2012 1.00 894.8123 1655 Books
free website counter